Stoke City Best Scorer By Year - Statistics

General Stats
  • This quiz has been taken 142 times
  • The average score is 5 of 23
Answer Stats
Player % Correct
Peter Crouch
93%
Xherdan Shaqiri
57%
Marko Arnautović
52%
Jonathan Walters
49%
Kenwyne Jones
36%
Ricardo Fuller
33%
Mame Biram Diouf
30%
Charlie Adam
27%
John Ritchie
15%
John Ritchie
15%
Matthew Etherington
14%
Jimmy Greenhoff
13%
Garth Crooks
8%
Ian Painter
6%
Mickey Thomas
6%
Peter Dobing
6%
Lee Chapman
5%
David Herd
4%
Frank Bowyer
3%
Harry Burrows
3%
Mark Chamberlain
3%
Harry Oscroft
2%
Sammy Smyth
2%
No matching quizzes found
Score Distribution
Percent of People with Each Score
Percentile by Number Answered
Your Score History
You have not taken this quiz